The noble scholar, jurist, historian


 His Excellency Dr. Abdul Wahhab bin Ibrahim Abu Sulaiman, may Allah have mercy on him.


 He was born in Umm Al-Qura in the year 1356 AH.

كتاب وقف القاضي عثمان بن أسعد بن المنجا الحنبلي / (Record no. 13726)

MARC details
000 -LEADER
fixed length control field 01221cam a22002651i 4500
003 - CONTROL NUMBER IDENTIFIER
control field SA-RiAUC
005 - DATE AND TIME OF LATEST TRANSACTION
control field 20251228063806.0
008 - FIXED-LENGTH DATA ELEMENTS--GENERAL INFORMATION
fixed length control field 251123s1949 sy g b 000 0dara c
040 ## - CATALOGING SOURCE
Original cataloging agency SA-JeALM
Language of cataloging ara
Transcribing agency SA-RiAUC
Description conventions rda
082 04 - DEWEY DECIMAL CLASSIFICATION NUMBER
Classification number 253.902
Assigning agency SA-RiAUC
090 ## - LOCALLY ASSIGNED LC-TYPE CALL NUMBER (OCLC); LOCAL CALL NUMBER (RLIN)
Classification number (OCLC) (R) ; Classification number, CALL (RLIN) (NR) 253.902
Local cutter number (OCLC) ; Book number/undivided call number, CALL (RLIN) ك ت ا
245 00 - TITLE STATEMENT
Title كتاب وقف القاضي عثمان بن أسعد بن المنجا الحنبلي /
Statement of responsibility, etc. نشره وقدم له وعلق عليه صلاح الدين المنجد.
246 30 - VARYING FORM OF TITLE
Title proper/short title وقف القاضي عثمان بن أسعد بن المنجي الحنبلي
264 #1 - PRODUCTION, PUBLICATION, DISTRIBUTION, MANUFACTURE, AND COPYRIGHT NOTICE
Place of production, publication, distribution, manufacture دمشق :
Name of producer, publisher, distributor, manufacturer المعهد العلمي الفرنسي للدراسات العربية،
Date of production, publication, distribution, manufacture, or copyright notice 1949
300 ## - PHYSICAL DESCRIPTION
Extent 46 صفحة ؛
Dimensions 24 سم
336 ## - CONTENT TYPE
Content type term نص
Content type code txt
Source rdacontent
Materials specified كتاب
337 ## - MEDIA TYPE
Media type term بدون وسيط
Media type code n
Source rdamedia
338 ## - CARRIER TYPE
Carrier type term مجلد
Carrier type code nc
Source rdacarrier
500 ## - GENERAL NOTE
General note يشتمل على كشافات.
504 ## - BIBLIOGRAPHY, ETC. NOTE
Bibliography, etc. note ببليوجرافية : صفحة 12.
600 17 - SUBJECT ADDED ENTRY--PERSONAL NAME
Personal name ابن المنجي، المنجي بن عثمان بن أسعد،
Dates associated with a name 631-695 هجري
Source of heading or term aucnm
700 1# - ADDED ENTRY--PERSONAL NAME
Personal name المنجد، صلاح الدين بن عبد الله،
Dates associated with a name 1920-2010
Relator term مقدم.
942 ## - ADDED ENTRY ELEMENTS (KOHA)
Source of classification or shelving scheme Dewey Decimal Classification
Koha item type Books
Suppress in OPAC No
949 ## - LOCAL PROCESSING INFORMATION (OCLC)
a SA-JeALM
d 251123
u mohamedma123
n 1
Holdings
Withdrawn status Lost status Source of classification or shelving scheme Damaged status Not for loan Home library Current library Date acquired Total checkouts Full call number Barcode Date last seen Price effective from Koha item type
    Dewey Decimal Classification     DR AbdElwahab Library DR AbdElwahab Library 12/28/2025   253.902 ك ت ا 000022003 12/28/2025 12/28/2025 Books